Doctrinas esenciales: Gaceta Jurídica. Derecho tributario, del trabajo y ciencias del derecho
Uloženo v:
| Hlavní autor: | |
|---|---|
| Další autoři: | |
| Médium: | Kniha |
| Jazyk: | španělština |
| Vydáno: |
Santiago
Legal Publishing
2011
|
| Vydání: | 1a. ed |
| Témata: | |
| Tagy: |
Přidat tag
Žádné tagy, Buďte první, kdo vytvoří štítek k tomuto záznamu!
|
MARC
| LEADER | 00000cam a2200000 a 4500 | ||
|---|---|---|---|
| 001 | UCG9560 | ||
| 003 | CL-VaPUC | ||
| 008 | 120323e20110000CL |||||||||||||||||spa|d | ||
| 020 | |a 9789562389907o.c | ||
| 020 | |a 9789563460261t.1 | ||
| 082 | 0 | 4 | |a 349.83 |b VER |2 21 |
| 100 | 0 | |a Verdugo Marinkovic, Mario |e author |9 561164 | |
| 700 | |a Hernández Emparanza, Domingo |e autor |9 561173 | ||
| 245 | 1 | 0 | |a Doctrinas esenciales: Gaceta Jurídica. Derecho tributario, del trabajo y ciencias del derecho |
| 250 | |a 1a. ed | ||
| 300 | |a t | ||
| 942 | |c BK | ||
| 945 | |d 20120323 00:00:00 |a cmena | ||
| 260 | |a Santiago |b Legal Publishing |c 2011 | ||
| 500 | |a t.1: 1976-2010 | ||
| 650 | 7 | |a DERECHO CHILENO |2 CL-VaPUC |9 561166 | |
| 650 | 0 | |a Derecho civil |9 255013 | |
| 650 | 0 | |a Derecho tributario |9 258895 | |
| 650 | 7 | |a DERECHO LABORAL |2 CL-VaPUC |9 15 | |
| 650 | 0 | |a Filosofía del derecho |9 255050 | |
| 583 | |a last modification |c 20170803 12:58:14 |k Rodrigo Vera | ||
| 999 | |c 347107 |d 347105 | ||
| 952 | |0 0 |1 0 |4 0 |6 349_830000000000000_VER_2011 |7 0 |8 A |9 448219 |a BIBDER |b BIBDER |d 2019-11-22 |h t.1 |i 4833643 |l 1 |o 349.83 VER 2011 |p 4833643 |r 2024-12-09 |s 2024-12-09 |w 2019-11-22 |y BK |k DER | ||